A practical Introduction to Management Science (Record no. 3072)

MARC details
000 -LEADER
fixed length control field 00543nam a22002057a 4500
003 - CONTROL NUMBER IDENTIFIER
control field OSt
005 - DATE AND TIME OF LATEST TRANSACTION
control field 20191105151605.0
008 - FIXED-LENGTH DATA ELEMENTS--GENERAL INFORMATION
fixed length control field 160225b xxu||||| |||| 00| 0 eng d
020 ## - INTERNATIONAL STANDARD BOOK NUMBER
International Standard Book Number 0201178478
040 ## - CATALOGING SOURCE
Transcribing agency DDC.
082 ## - DEWEY DECIMAL CLASSIFICATION NUMBER
Classification number 558WAT 1998.
100 ## - MAIN ENTRY--PERSONAL NAME
Personal name Waters, Donald
9 (RLIN) 6827
245 ## - TITLE STATEMENT
Title A practical Introduction to Management Science
250 ## - EDITION STATEMENT
Edition statement 2nd ed.
260 ## - PUBLICATION, DISTRIBUTION, ETC. (IMPRINT)
Place of publication, distribution, etc. England;
Name of publisher, distributor, etc. Financial Times,
Date of publication, distribution, etc. 1998.
300 ## - PHYSICAL DESCRIPTION
Extent xii,572p;
Other physical details ill;
Dimensions 26cm.
504 ## - BIBLIOGRAPHY, ETC. NOTE
Bibliography, etc includes index.
650 ## - SUBJECT ADDED ENTRY--TOPICAL TERM
Topical term or geographic name as entry element Management science.
9 (RLIN) 5289
942 ## - ADDED ENTRY ELEMENTS (KOHA)
Source of classification or shelving scheme Dewey Decimal Classification
Koha item type Short Loan
Holdings
Withdrawn status Lost status Source of classification or shelving scheme Damaged status Not for loan Home library Current library Date acquired Source of acquisition Inventory number Total Checkouts Full call number Barcode Date last seen Koha item type Price effective from
    Dewey Decimal Classification     MUST Main Library MUST Main Library 25/02/2016 Purchase 08/29764   558WAT 1998. 2016-0215 25/02/2016 Short Loan  
    Dewey Decimal Classification     MUST Main Library MUST Main Library 13/04/2016 Purchase 08/29763   558WAT 1998. 2016-0796 13/04/2016 Short Loan  
    Dewey Decimal Classification     MUST Main Library MUST Main Library 13/04/2016 Purchase 08/29762   558WAT 1998. 2016-0797 13/04/2016 Short Loan  
    Dewey Decimal Classification     MUST Main Library MUST Main Library 05/11/2019 Purchase 11/33465   558WAT 1998. 2019-0594 05/11/2019 Open Shelf  
    Dewey Decimal Classification     MUST Main Library MUST Main Library 17/06/2024 Donation 03/18657   558WAT 1998. 2024-20686 17/06/2024 Short Loan 17/06/2024